[Event "2LD 24/25,Policka-Namest n/Osl B"]
[Site ""]
[Date "2025.03.30"]
[Round "11.1"]
[White "Cerveny, Petr"]
[Black "Hladky, Tadeas"]
[WhiteElo "2270"]
[BlackElo "2199"]
[Result "1-0"]
[PlyCount "75"]

1. d4 Nf6 2. Nf3 e6 3. Bf4 c5 4. e3 Nc6 5. Nbd2 cxd4 6. exd4 Be7 7. c3 b6 8.
Bd3 Bb7 9. h3 d6 10. O-O O-O 11. Nc4 Qd7 12. Bh2 Rfd8 13. Re1 Rac8 14. a4 h6
15. Bf1 Rc7 16. Ne3 Qc8 17. b4 Bf8 18. a5 Rcd7 19. a6 Ba8 20. Qb3 Ne7 21. Nd2
g6 22. Rac1 Bg7 23. Ndc4 Nfd5 24. Na3 Nc7 25. b5 Ncd5 26. c4 Nxe3 27. fxe3 Be4
28. Nb1 g5 29. Nc3 Bg6 30. Na4 e5 31. c5 dxc5 32. dxc5 bxc5 33. Rxc5 Rc7 34.
Rec1 Rxc5 35. Rxc5 Qf5 36. b6 axb6 37. Nxb6 Qe6 38. Qxe6 1-0

[Event "2LD 24/25,Policka-Namest n/Osl B"]
[Site ""]
[Date "2025.03.30"]
[Round "11.2"]
[White "Miculka, Petr"]
[Black "Novak, Ales"]
[WhiteElo "1960"]
[BlackElo "2090"]
[Result "1-0"]
[PlyCount "85"]

1. e4 d6 2. d4 Nf6 3. Nc3 e5 4. Nf3 Nbd7 5. Bc4 Be7 6. O-O O-O 7. a4 a5 8. Re1
c6 9. Bb3 h6 10. Nh4 exd4 11. Qxd4 Nc5 12. Ng6 Nxb3 13. Nxe7+ Qxe7 14. cxb3 Qe5
15. Be3 Rd8 16. Qb6 Qe7 17. b4 axb4 18. Qxb4 Ng4 19. Bf4 Ne5 20. Rad1 f6 21.
Bg3 Bg4 22. Rd2 Rd7 23. f4 Nf7 24. h3 Bh5 25. Qd4 Rad8 26. b4 Kh8 27. b5 cxb5
28. axb5 Bg6 29. Nd5 Qf8 30. Bh4 Bh7 31. Rd3 Bg8 32. Rg3 g5 33. fxg5 hxg5 34.
Bxg5 Nxg5 35. Rxg5 Bxd5 36. exd5 Qh6 37. Rg4 Rh7 38. Re6 Rf8 39. Rf4 Qg5 40.
Rexf6 Rxf6 41. Qxf6+ Rg7 42. Rh4+ Kg8 43. Qe6+ 1-0

[Event "2LD 24/25,Policka-Namest n/Osl B"]
[Site ""]
[Date "2025.03.30"]
[Round "11.3"]
[White "Houska, Bronislav"]
[Black "Soucek, Andrej"]
[WhiteElo "1977"]
[BlackElo "2038"]
[Result "1/2-1/2"]
[PlyCount "117"]

1. Nf3 c5 2. c4 Nc6 3. Nc3 g6 4. g3 Bg7 5. Bg2 e5 6. O-O Nge7 7. Ne1 O-O 8. Nc2
d6 9. Ne3 Be6 10. a3 Qd7 11. Re1 f5 12. Ned5 f4 13. d3 Bh3 14. Rb1 Qf5 15. Ne4
Rad8 16. Nxe7+ Nxe7 17. f3 Bxg2 18. Kxg2 h5 19. b4 b6 20. bxc5 dxc5 21. Rg1 Nc6
22. Kh1 Bh6 23. g4 hxg4 24. Rxg4 Kf7 25. Bd2 Rh8 26. Bc3 Qh5 27. Qg1 Bg7 28.
Qf2 Rh6 29. Rbg1 Nd4 30. Bxd4 Rxd4 31. Qg2 Rd8 32. Rg5 Qh4 33. Rg4 Qh5 34. Rg5
Qh4 35. Rxg6 Qxh2+ 36. Qxh2 Rxh2+ 37. Kxh2 Rh8+ 38. Kg2 Kxg6 39. Rh1 Rxh1 40.
Kxh1 Bf8 41. Kg2 Kf5 42. a4 Be7 43. Kf1 Ke6 44. Ke1 Kd7 45. Nc3 Bd8 46. Kf2 Ke6
47. Kg2 Kf5 48. Kh3 Kg5 49. Nb5 a6 50. Nd6 Kh5 51. Ne4 Be7 52. Nc3 Kg5 53. Nd5
Bd8 54. Nc3 Be7 55. Ne4+ Kh5 56. Nf2 Kg5 57. Ng4 Bd6 58. Nf2 Be7 59. Ne4+
 1/2-1/2

[Event "2LD 24/25,Policka-Namest n/Osl B"]
[Site ""]
[Date "2025.03.30"]
[Round "11.4"]
[White "Simajchl, Adam"]
[Black "Lorenc, Oldrich"]
[WhiteElo "1834"]
[BlackElo "2017"]
[Result "0-1"]
[PlyCount "0"]

1. d4 Nf6 2. Nc3 g6 3. Bf4 d6 4. e4 c6 5. Qe2 Bg7 6. O-O-O Qa5 7. e5 dxe5 8. dxe5 Nh5 9. g3 Be6 10. Rd4 Nd7 11. Ra4 Qc7 12. Nf3 Nb6 13. Rd4 Nxf4 14. gxf4 O-O 15. Ng5 Bf5 16. Bh3 Bxh3 17. Nxh3 Rfd8 18. Re4 e6 19. Qf3 Nd5 20. Ne2 b5 21. Kb1 a5 22. c4 Nb6 23. cxb5 cxb5 24. Nc3 Nc4 25. Re2 Rab8 26. Ne4 a4 27. Rc1 Rbc8 28. Rec2 Qb6 29. Qe2 Qd4 30. f3 Bf8 31. Nhg5 h6 32. Nf6+ Kg7 33. Qg2 Qd3 34. Nh5+ gxh5 35. Nxe6+ Kh7 36. Rg1 Qd1+ 37. Rxd1 Rxd1+ 38. Rc1 Rxc1+ 39. Kxc1 Ne3+ 0-1

[Event "2LD 24/25,Policka-Namest n/Osl B"]
[Site ""]
[Date "2025.03.30"]
[Round "11.5"]
[White "Komarkova, Magdalena"]
[Black "Zezula, Matej"]
[WhiteElo "1925"]
[BlackElo "1871"]
[Result "0-1"]
[PlyCount "108"]

1. e4 c5 2. Nf3 d6 3. d4 cxd4 4. Nxd4 Nf6 5. Nc3 g6 6. Bb5+ Bd7 7. Bxd7+ Qxd7
8. O-O Bg7 9. f3 O-O 10. Be3 Nc6 11. Nce2 Rac8 12. Rc1 Ne5 13. b3 d5 14. exd5
Nxd5 15. Qd2 Nxe3 16. Qxe3 Rfd8 17. c3 a6 18. h3 Qd6 19. f4 Nc6 20. Nf3 Qd3 21.
Qxd3 Rxd3 22. Rfd1 Rcd8 23. Rxd3 Rxd3 24. Kf2 e5 25. fxe5 Nxe5 26. Nfd4 Rd2 27.
Rc2 Nd3+ 28. Ke3 Bh6+ 29. Ke4 Rd1 30. Kd5 Ne1 31. Rb2 Nxg2 32. Kc5 f5 33. Kb6
f4 34. Kxb7 Ne1 35. Ng1 Bg7 36. Re2 Bxd4 37. cxd4 f3 38. Rf2 Rxd4 39. Rf1 Rd2
40. Nxf3 Nxf3 41. Rxf3 Rxa2 42. Kb6 Kg7 43. b4 Kh6 44. Kc5 Kh5 45. Kd4 g5 46.
Rc3 Kh4 47. Ke5 h5 48. Kf5 Rf2+ 49. Kg6 g4 50. hxg4 hxg4 51. Ra3 Rf4 52. Rxa6
Rxb4 53. Kf5 Kh3 54. Rh6+ Kg2 0-1

[Event "2LD 24/25,Policka-Namest n/Osl B"]
[Site ""]
[Date "2025.03.30"]
[Round "11.6"]
[White "Kavanova, Anezka"]
[Black "Stodola, Marek"]
[WhiteElo "1713"]
[BlackElo "1958"]
[Result "0-1"]
[PlyCount "0"]

 1. e4 c5 2. Nf3 d6 3. d4 cxd4 4. Nxd4 Nf6 5. Nc3 e6 6. Bg5 a6 7. Qd3 Be7 8. Rd1 O-O 9. Qf3 Qc7 10. Bd3 Nc6 11. Nxc6 bxc6 12. O-O e5 13. Qg3 Kh8 14. f4 Nh5 15. Qh4 Bxg5 16. fxg5 Nf4 17. b3 Qe7 18. Ne2 Ne6 19. Ng3 Nxg5 20. Qh5 g6 21. Qh6 a5 22. Bc4 Ba6 23. Bxa6 Rxa6 24. Rf6 Ne6 25. Rdf1 Raa8 26. R1f3 Nf4 27. Qg5 Rae8 28. h4 Qa7+ 29. Kh2 Re6 30. h5 Qe7 31. R3xf4 exf4 32. e5 fxg3+ 0-1

[Event "2LD 24/25,Policka-Namest n/Osl B"]
[Site ""]
[Date "2025.03.30"]
[Round "11.7"]
[White "Sodomka, Adam"]
[Black "Kotisa, Jan"]
[WhiteElo "1933"]
[BlackElo "1817"]
[Result "1/2-1/2"]
[PlyCount "33"]

1. e4 Nf6 2. e5 Nd5 3. c4 Nb6 4. c5 Nd5 5. Bc4 e6 6. Nc3 Bxc5 7. Qg4 g6 8. d4
Be7 9. Bh6 Nxc3 10. bxc3 c5 11. Ne2 cxd4 12. O-O Bf8 13. Bg5 Be7 14. Bh6 Bf8
15. Bg5 Be7 16. Bh6 Bf8 17. Bg5 1/2-1/2

[Event "2LD 24/25,Policka-Namest n/Osl B"]
[Site ""]
[Date "2025.03.30"]
[Round "11.8"]
[White "Zaza, David"]
[Black "Tulis, Jan"]
[WhiteElo "1578"]
[BlackElo "1942"]
[Result "0-1"]
[PlyCount "86"]

1. e4 g6 2. Nf3 Bg7 3. Bc4 d6 4. d3 c5 5. O-O Nc6 6. h3 e6 7. Nc3 Nge7 8. Bg5
O-O 9. Rb1 a6 10. Ne2 d5 11. exd5 exd5 12. Bb3 Bf5 13. Nc3 Be6 14. Re1 Re8 15.
a3 b5 16. Re2 Qd7 17. Bf4 Nf5 18. Ne5 Nxe5 19. Bxe5 Nd4 20. Bxd4 Bxd4 21. Qd2
Bxc3 22. Qxc3 c4 23. dxc4 bxc4 24. Ba2 d4 25. Qg3 Bf5 26. Bxc4 Rxe2 27. Bxe2
Bxc2 28. Rc1 d3 29. Bd1 Rc8 30. Qe3 Qb5 31. Qd4 Qa5 32. Qe3 Qb5 33. Qd4 Rc4 34.
Qf6 Qe8 35. Qf3 Qe1+ 36. Kh2 Kg7 37. b3 Qe5+ 38. Kg1 Re4 39. g3 Re1+ 40. Kg2
Qb2 41. Bxc2 d2 42. Bxg6 hxg6 43. Rc7 Qf6 0-1

[Event "2LD 24/25,Lipa-Lanskroun"]
[Site ""]
[Date "2025.03.30"]
[Round "11.1"]
[White "Rokos, Filip"]
[Black "Kratky, Josef"]
[WhiteElo "2169"]
[BlackElo "2086"]
[Result "1/2-1/2"]
[PlyCount "21"]

1. e4 e6 2. d4 d5 3. exd5 exd5 4. Bd3 Bd6 5. Ne2 Nf6 6. Nbc3 c6 7. Bg5 h6 8.
Bh4 Nbd7 9. O-O Qc7 10. Bg3 O-O 11. Qd2 1/2-1/2

[Event "2LD 24/25,Polabiny C-Jihlava A"]
[Site ""]
[Date "2025.03.30"]
[Round "11.1"]
[White "Stocek, Martin"]
[Black "Rybackova, Lucie"]
[WhiteElo "2111"]
[BlackElo "2121"]
[Result "1-0"]
[PlyCount "103"]

1. d4 Nf6 2. c4 g6 3. Nc3 d5 4. Nf3 Bg7 5. Qb3 dxc4 6. Qxc4 O-O 7. e4 Nfd7 8.
Be2 Nb6 9. Qd3 Bg4 10. Be3 Nc6 11. Rd1 Bxf3 12. Bxf3 Qd7 13. e5 Nb4 14. Qe2
N4d5 15. h4 Rfd8 16. h5 Nxc3 17. bxc3 c5 18. hxg6 hxg6 19. dxc5 Qxd1+ 20. Qxd1
Rxd1+ 21. Kxd1 Rd8+ 22. Kc1 Nc4 23. Bxb7 Nxe3 24. fxe3 Rd3 25. Kc2 Rxe3 26. Rh4
Bxe5 27. Rc4 Bc7 28. Kb3 f5 29. Kb4 e5 30. Bd5+ Kf8 31. Kb5 e4 32. Kc6 Be5 33.
Kd7 Rd3 34. Ke6 Bc7 35. g4 a5 36. gxf5 gxf5 37. c6 Ke8 38. a4 Rxd5 39. Kxd5 e3
40. Rh4 e2 41. Rh1 Bg3 42. c7 Bxc7 43. Re1 Kd7 44. Rxe2 f4 45. Rh2 Bb6 46. Rh7+
Ke8 47. Rh5 f3 48. Rf5 f2 49. Kc6 Be3 50. c4 Ke7 51. Rf3 Bd4 52. Kd5 1-0

[Event "2LD 24/25,Polabiny C-Jihlava A"]
[Site ""]
[Date "2025.03.30"]
[Round "11.2"]
[White "Sedlacek, Oldrich"]
[Black "Varejcko, Josef"]
[WhiteElo "2124"]
[BlackElo "2077"]
[Result "1/2-1/2"]
[PlyCount "29"]

1. Nf3 Nf6 2. c4 g6 3. g3 Bg7 4. Bg2 O-O 5. O-O d5 6. d3 c6 7. Nc3 dxc4 8. dxc4
Qxd1 9. Rxd1 Be6 10. Nd2 Na6 11. Rb1 Ng4 12. h3 Ne5 13. b3 Rfd8 14. Bb2 Bf5 15.
Nde4 1/2-1/2

[Event "2LD 24/25,Polabiny C-Jihlava A"]
[Site ""]
[Date "2025.03.30"]
[Round "11.3"]
[White "Kulhanek, Jachym"]
[Black "Kulovana, Eva"]
[WhiteElo "1982"]
[BlackElo "2097"]
[Result "1/2-1/2"]
[PlyCount "80"]

1. e4 c6 2. c4 d5 3. exd5 cxd5 4. d4 Nf6 5. Nf3 Nc6 6. Be2 dxc4 7. Bxc4 e6 8.
O-O Be7 9. Nc3 O-O 10. Bf4 Nb4 11. Ne5 Nbd5 12. Bg3 Nxc3 13. bxc3 Bd7 14. Qf3
b5 15. Bd3 Rc8 16. Rab1 a6 17. c4 Be8 18. Rfd1 b4 19. d5 exd5 20. cxd5 Qa5 21.
Nc4 Qc5 22. d6 Bd8 23. d7 Bxd7 24. Bd6 Qa7 25. Bxf8 Kxf8 26. Rxb4 Bg4 27. Qe3
Qxe3 28. Nxe3 Bxd1 29. Nxd1 Rc1 30. Rb1 Rxb1 31. Bxb1 h5 32. Kf1 Ke7 33. Ne3 g6
34. Bd3 a5 35. Ke2 Nd7 36. f4 Nb6 37. Kd2 Bc7 38. g3 h4 39. Kc3 hxg3 40. hxg3
Kd6 1/2-1/2

[Event "2LD 24/25,Polabiny C-Jihlava A"]
[Site ""]
[Date "2025.03.30"]
[Round "11.4"]
[White "Zednicek, Filip"]
[Black "Stary, Vojtech"]
[WhiteElo "1988"]
[BlackElo "1952"]
[Result "1/2-1/2"]
[PlyCount "132"]

1. e4 e6 2. d4 d5 3. exd5 exd5 4. c4 Bb4+ 5. Nc3 Ne7 6. Nf3 O-O 7. Be2 dxc4 8.
Bxc4 Bg4 9. O-O Nbc6 10. Be3 Nf5 11. Qd3 Qd7 12. Ng5 Bh5 13. Nd5 Bd6 14. Ne4
Be7 15. Nxe7+ Qxe7 16. Nc5 Bg6 17. Qc3 b6 18. Nb3 Qd6 19. Rac1 Nce7 20. Qd2
Rad8 21. Bf4 Qd7 22. Bxc7 Rc8 23. Bf4 Rfd8 24. Rfd1 b5 25. Be2 Rxc1 26. Rxc1
Nxd4 27. Qxd4 Qxd4 28. Nxd4 Rxd4 29. Be3 Rd8 30. Bxb5 h6 31. a4 a5 32. h3 Nf5
33. Bb6 Rd2 34. b3 Nd4 35. Bxd4 Rxd4 36. Rc8+ Kh7 37. Ra8 Bc2 38. Bc4 Rd1+ 39.
Kh2 Rd2 40. Kg3 Bxb3 41. Bxb3 Rd3+ 42. f3 Rxb3 43. Rxa5 Ra3 44. Kg4 Kg6 45. f4
f6 46. g3 Ra2 47. Kh4 Ra3 48. Kg4 Ra2 49. f5+ Kh7 50. h4 Ra3 51. Ra8 Ra2 52.
Kh5 Ra3 53. g4 Ra1 54. Ra5 Ra2 55. Ra8 Ra1 56. a5 Ra2 57. a6 Ra5 58. Ra7 Ra1
59. g5 hxg5 60. hxg5 Rh1+ 61. Kg4 Rg1+ 62. Kf4 Rf1+ 63. Ke4 fxg5 64. Ra8 g4 65.
Rb8 Ra1 66. Rb6 Ra3 1/2-1/2

[Event "2LD 24/25,Polabiny C-Jihlava A"]
[Site ""]
[Date "2025.03.30"]
[Round "11.5"]
[White "Trasakova, Adela"]
[Black "Brychta, Jan"]
[WhiteElo "1960"]
[BlackElo "2094"]
[Result "1-0"]
[PlyCount "131"]

1. d4 Nf6 2. Nf3 g6 3. g3 Bg7 4. Bg2 O-O 5. O-O d6 6. b3 c6 7. Bb2 a5 8. c4
Nbd7 9. Qc2 Re8 10. Rd1 Qc7 11. e4 e5 12. dxe5 dxe5 13. Nc3 Nc5 14. Ba3 Bf8 15.
Bb2 a4 16. b4 a3 17. Bc1 Na6 18. b5 cxb5 19. Nxb5 Qc6 20. Nxa3 Nc7 21. Qb3 Qa4
22. Nc2 Nxe4 23. Re1 f5 24. Be3 Bg7 25. Nb4 Be6 26. Rab1 b5 27. Qxa4 Rxa4 28.
Bb6 Na8 29. Be3 Bxc4 30. Rec1 Nc7 31. Bf1 Bxf1 32. Kxf1 Ne6 33. Nc6 f4 34. Bd2
Rxa2 35. Be1 fxg3 36. hxg3 Nd4 37. Ncxd4 exd4 38. Rxb5 Rf8 39. Kg2 Rd8 40. Rd1
d3 41. Rb4 Nc3 42. Bxc3 Bxc3 43. Rc4 Rc2 44. Ne1 Rd2 45. Rb1 Bd4 46. Rxd4 Rxd4
47. Nf3 Rxf2+ 48. Kxf2 Re4 49. Re1 Rg4 50. Ne5 Rd4 51. Ke3 d2 52. Rd1 Rd5 53.
Nf3 Kg7 54. Rxd2 Ra5 55. Ke4 h5 56. Rd7+ Kh6 57. Rd6 Ra4+ 58. Rd4 Ra3 59. Kf4
Ra6 60. Ne5 Rf6+ 61. Ke4 Kg5 62. Kd5 Rf1 63. Ke6 Rf6+ 64. Ke7 h4 65. gxh4+ Kf5
66. Rf4+ 1-0

[Event "2LD 24/25,Polabiny C-Jihlava A"]
[Site ""]
[Date "2025.03.30"]
[Round "11.6"]
[White "Rybacek, Martin"]
[Black "Juchelka, Marek"]
[WhiteElo "1923"]
[BlackElo "1906"]
[Result "1-0"]
[PlyCount "137"]

1. Nf3 d5 2. g3 e6 3. Bg2 Bd6 4. O-O Nd7 5. d4 f5 6. c4 c6 7. b3 Ngf6 8. Ba3
Qe7 9. Bxd6 Qxd6 10. Nc3 O-O 11. Qc2 Ne4 12. Rfd1 h6 13. e3 g5 14. Ne2 Kg7 15.
Nc1 g4 16. Ne1 h5 17. Ncd3 Rh8 18. Nf4 h4 19. Ned3 hxg3 20. hxg3 Ndf6 21. b4
Ng5 22. cxd5 exd5 23. Qc5 Qc7 24. Nxd5 Nxd5 25. Bxd5 Kf6 26. Bg2 Qh7 27. Qe5+
Kf7 28. Qc7+ Kf6 29. Qe5+ Kf7 30. Qc7+ Kf6 31. Qxh7 Rxh7 32. Nf4 Be6 33. Nxe6
Kxe6 34. d5+ cxd5 35. Bxd5+ Ke5 36. Bg2 Rc8 37. Rac1 Rhc7 38. Rd5+ Ke6 39. Rdc5
Rxc5 40. bxc5 Nf3+ 41. Kf1 b6 42. Ke2 bxc5 43. Bxf3 gxf3+ 44. Kxf3 Kd5 45. Ke2
c4 46. Rd1+ Kc5 47. Kd2 Kb4 48. Kc2 Rc6 49. Rb1+ Kc5 50. a4 a6 51. Rb8 Rd6 52.
a5 Rh6 53. Rf8 Rh5 54. Rf6 Kb5 55. Kc3 Kxa5 56. Kxc4 Rg5 57. Re6 Rg4+ 58. Kc3
Rg5 59. Kb3 Kb5 60. Re5+ Kb6 61. e4 Rg4 62. exf5 Kc6 63. f6 Rg8 64. f7 Rf8 65.
Rf5 Kd6 66. g4 Ke7 67. g5 Rb8+ 68. Ka4 Kf8 69. Rf6 1-0

[Event "2LD 24/25,Polabiny C-Jihlava A"]
[Site ""]
[Date "2025.03.30"]
[Round "11.7"]
[White "Cerny, Jan"]
[Black "Kucera, David"]
[WhiteElo "1957"]
[BlackElo "1921"]
[Result "1/2-1/2"]
[PlyCount "42"]

1. d4 d5 2. Nf3 Nf6 3. Bg5 e6 4. e3 c5 5. c3 Bd6 6. Nbd2 cxd4 7. exd4 O-O 8.
Bd3 Nc6 9. O-O Rb8 10. a4 Ne7 11. Re1 Nf5 12. Ne5 h6 13. Bxf6 Qxf6 14. f4 Rd8
15. Ndf3 Bf8 16. Qe2 Nd6 17. g3 Bd7 18. Nxd7 Rxd7 19. Ne5 Rc7 20. Rf1 a6 21. a5
Nf5 1/2-1/2

[Event "2LD 24/25,Polabiny C-Jihlava A"]
[Site ""]
[Date "2025.03.30"]
[Round "11.8"]
[White "Svanda, Pavel"]
[Black "Danek, Pavel"]
[WhiteElo "2065"]
[BlackElo "1896"]
[Result "1-0"]
[PlyCount "51"]

1. e4 e6 2. d4 d5 3. Nd2 dxe4 4. Nxe4 Nd7 5. Nf3 Be7 6. Bd3 Ngf6 7. Nxf6+ Nxf6
8. Bg5 O-O 9. Qe2 c5 10. dxc5 Qa5+ 11. Bd2 Qxc5 12. O-O-O Rd8 13. Kb1 Bd7 14.
Ne5 Be8 15. f4 Nd5 16. Qe4 g6 17. h4 Rac8 18. c3 Qb6 19. Rc1 Ba3 20. Rc2 Rxc3
21. Nc4 Rxc4 22. Bxc4 Bc6 23. Qe1 Bf8 24. Ba5 Bb4 25. Bxb6 Bxe1 26. Bxd8 1-0

[Event "2LD 24/25,Lipky HK B-Univerzita Brno"]
[Site ""]
[Date "2025.03.30"]
[Round "11.1"]
[White "Cech, Pavel"]
[Black "Gajdos, Daniel"]
[WhiteElo "2315"]
[BlackElo "2133"]
[Result "1/2-1/2"]

1. d4 Nf6 2. c4 g6 3. Nc3 d5 4. cxd5 Nxd5 5. e4 Nxc3 6. bxc3 Bg7 7. Nf3 c5 8.
Rb1 O-O 9. Be2 cxd4 10. cxd4 Qa5+ 11. Bd2 Qxa2 12. O-O Bg4 13. Rxb7 Bxf3 14.
Bxf3 Bxd4 15. e5 Na6 16. Rxe7 Rad8 17. e6 fxe6 18. Qe2 Nc5 19. Rd1 Nd3 20. Be3
Qxe2 21. Bxe2 Nf4 22. Bg4 Bxe3 23. fxe3 Rxd1+ 24. Bxd1 Nd5 25. Rxe6 Nc3 26. Bf3
Rc8 27. Ra6 Rc7 1/2-1/2

[Event "2LD 24/25,Lipky HK B-Univerzita Brno"]
[Site ""]
[Date "2025.03.30"]
[Round "11.2"]
[White "Kisa, Lubomir"]
[Black "Winter, Ondrej"]
[WhiteElo "2134"]
[BlackElo "2319"]
[Result "1-0"]

1. Nf3 d5 2. d4 Nf6 3. Bf4 Bf5 4. e3 e6 5. Bd3 Bg6 6. Ne5 Bxd3 7. cxd3 c6 8.
O-O Nbd7 9. Nxd7 Nxd7 10. Nd2 Qb6 11. Qc2 Be7 12. Rfc1 a5 13. Nb3 a4 14. Nc5
Qb5 15. Rab1 h5 16. h3 g5 17. Bg3 Rg8 18. b3 a3 19. e4 h4 20. Bh2 g4 21. hxg4
Rxg4 22. Qe2 Rg6 23. exd5 Nxc5 24. dxc5 cxd5 25. Qe3 Kd7 26. Rc2 Rc8 27. d4
Rcg8 28. f4 Qb4 29. f5 Rg4 30. fxe6+ fxe6 31. Be5 Re4 32. Qd3 Rf8 33. c6+ bxc6
34. Qa6 c5 35. Qa7+ Ke8 36. Qa8+ Kd7 37. Qa7+ Ke8 38. Qa8+ Kf7 39. Rf2+ Kg8 40.
Rxf8+ Bxf8 41. Qe8 Qb7 42. Rf1 Qe7 43. Rxf8+ 1-0

[Event "2LD 24/25,Lipky HK B-Univerzita Brno"]
[Site ""]
[Date "2025.03.30"]
[Round "11.3"]
[White "Bulockin, Martin"]
[Black "Jelinek, Ota"]
[WhiteElo "2265"]
[BlackElo "2120"]
[Result "1/2-1/2"]

1. d4 f5 2. e4 fxe4 3. Nc3 Nf6 4. Bg5 g6 5. h4 Bg7 6. h5 Nxh5 7. Rxh5 gxh5 8.
Qxh5+ Kf8 9. Bh6 e6 10. Nxe4 Qe7 11. Bd3 Nc6 12. Nf3 d6 13. O-O-O Bxh6+ 14.
Qxh6+ Qg7 15. Qh4 Bd7 16. Nf6 h6 17. d5 exd5 18. Nxd7+ Qxd7 19. Qf6+ Kg8
 1/2-1/2

[Event "2LD 24/25,Lipky HK B-Univerzita Brno"]
[Site ""]
[Date "2025.03.30"]
[Round "11.4"]
[White "Ibrahim, Emad"]
[Black "Juptner, Jan"]
[WhiteElo "2052"]
[BlackElo "2268"]
[Result "0-1"]

1. e4 c5 2. Nf3 d6 3. c3 Nf6 4. h3 Nc6 5. Bd3 e5 6. O-O g6 7. Qe2 Bg7 8. Bc4
O-O 9. d3 d5 10. Bb5 Qb6 11. Bxc6 Qxc6 12. Nxe5 Qe6 13. Ng4 Nxg4 14. hxg4 dxe4
15. dxe4 Qxg4 16. Qxg4 Bxg4 17. f3 Be6 18. Be3 b6 19. a4 f5 20. Nd2 Rad8 21.
Rfe1 f4 22. Bxf4 Rxf4 23. Nf1 a5 24. Red1 Rff8 25. Rxd8 Rxd8 26. f4 Bb3 27. Kf2
Rd1 28. Ra3 c4 29. Ne3 Rb1 30. e5 Bf8 31. Rxb3 cxb3 32. Nc4 Bc5+ 33. Kf3 Ra1
34. e6 Rxa4 35. Ne5 Ra2 36. Nd3 a4 37. g4 Rxb2 38. f5 gxf5 39. gxf5 Rc2 40. Ne5
b2 41. Ke4 0-1

[Event "2LD 24/25,Lipky HK B-Univerzita Brno"]
[Site ""]
[Date "2025.03.30"]
[Round "11.5"]
[White "Nun, Jiri"]
[Black "Moulis, Mojmir"]
[WhiteElo "2227"]
[BlackElo "2036"]
[Result "1-0"]

1. e4 d6 2. d4 Nf6 3. Nc3 Nbd7 4. Be2 e5 5. Nf3 c6 6. a4 Be7 7. O-O O-O 8. h3
a5 9. Re1 Qc7 10. b3 exd4 11. Nxd4 Nc5 12. Bf1 Re8 13. Bf4 Bf8 14. Qf3 Ne6 15.
Nxe6 Bxe6 16. Rad1 Rad8 17. e5 Nd5 18. exd6 Bxd6 19. Bxd6 Qxd6 20. Ne4 Qf8 21.
Ng5 Nc7 22. Bd3 h6 23. Nxe6 fxe6 24. Qe4 Qf6 25. Re3 Rd4 26. Qh7+ Kf8 27. Rf3
Rf4 28. Rxf4 Qxf4 29. Bg6 1-0

[Event "2LD 24/25,Lipky HK B-Univerzita Brno"]
[Site ""]
[Date "2025.03.30"]
[Round "11.6"]
[White "Riha, Otmar"]
[Black "Prymula, Roman"]
[WhiteElo "1912"]
[BlackElo "2153"]
[Result "0-1"]

1. d4 d5 2. Nf3 c6 3. c4 e6 4. Nc3 f5 5. g3 Nf6 6. Bg2 Bd6 7. O-O O-O 8. b3 Bd7
9. e3 Be8 10. Bb2 Bh5 11. Qc1 Ne4 12. Ne2 g5 13. Rd1 Nd7 14. Ba3 Qe7 15. Bxd6
Qxd6 16. Qb2 Ndf6 17. c5 Qc7 18. Rdc1 Ng4 19. Rf1 h6 20. Nc1 f4 21. exf4 gxf4
22. Nd3 fxg3 23. fxg3 Ne3 24. Nf4 Rxf4 25. gxf4 Nxf1 26. Rxf1 Qxf4 27. Ne5 Qe3+
28. Kh1 Rf8 29. Rxf8+ Kxf8 30. Bxe4 dxe4 31. d5 Bf3+ 32. Nxf3 Qxf3+ 33. Kg1
Qg4+ 34. Kh1 exd5 35. Qf6+ Ke8 36. Qe5+ Kf7 37. Qc7+ Kg6 38. Qxb7 Qf3+ 39. Kg1
Qe3+ 40. Kh1 Qxc5 41. Qc8 Qc1+ 42. Kg2 Qg5+ 43. Kh1 Qc1+ 44. Kg2 Qb2+ 45. Kh1
Qa1+ 46. Kg2 Qxa2+ 47. Kh1 Qb1+ 48. Kg2 Qc2+ 49. Kh1 Qd1+ 50. Kg2 Qf3+ 51. Kg1
e3 52. Qe8+ Kf5 53. Qf7+ Ke4 54. Qh7+ Qf5 55. Qe7+ Kd3 0-1

[Event "2LD 24/25,Jihlava B-Rychnov n/Kn"]
[Site ""]
[Date "2025.03.30"]
[Round "11.1"]
[White "Seidl, Stepan"]
[Black "Sabuk, Piotr"]
[WhiteElo "2132"]
[BlackElo "2314"]
[Result "0-1"]
[PlyCount "58"]

1. e4 c6 2. Nf3 d5 3. Nc3 dxe4 4. Nxe4 Nf6 5. Nxf6+ exf6 6. Bc4 Bd6 7. Qe2+ Be7
8. d4 O-O 9. Be3 Nd7 10. Bd3 f5 11. c3 Nf6 12. Qc2 g6 13. Bg5 Be6 14. O-O Re8
15. Ne5 Kg7 16. Bc4 Nd5 17. Bxe7 Rxe7 18. Rfe1 Qa5 19. Bxd5 Bxd5 20. a3 Rae8
21. Qd2 Qb5 22. f3 Re6 23. a4 Qa6 24. b4 f6 25. Nd3 Rxe1+ 26. Rxe1 Rxe1+ 27.
Qxe1 Qxd3 28. Qe7+ Bf7 29. Qxb7 Qxc3 0-1

[Event "2LD 24/25,Jihlava B-Rychnov n/Kn"]
[Site ""]
[Date "2025.03.30"]
[Round "11.2"]
[White "Fiedorek, Michal"]
[Black "Bukacek, Lubomir"]
[WhiteElo "2295"]
[BlackElo "2101"]
[Result "1-0"]
[PlyCount "59"]

1. e4 d5 2. exd5 Qxd5 3. Nc3 Qd6 4. d4 Nf6 5. Nf3 a6 6. g3 Nc6 7. Bg2 Bg4 8.
Bf4 Qd7 9. d5 Nb4 10. h3 Bxf3 11. Bxf3 Rd8 12. O-O Qf5 13. Bxc7 Rd7 14. Ba5 e6
15. Qe2 Nfxd5 16. Nxd5 Nxd5 17. Bg4 Nf4 18. Qe1 Nxh3+ 19. Bxh3 Qxh3 20. Qc3 Bd6
21. Qxg7 Rf8 22. Qc3 h5 23. Rad1 h4 24. Rxd6 Rxd6 25. Qc8+ Ke7 26. Qc7+ Rd7 27.
Bb4+ Ke8 28. Qc8+ Rd8 29. Qc5 hxg3 30. Qe7# 1-0

[Event "2LD 24/25,Jihlava B-Rychnov n/Kn"]
[Site ""]
[Date "2025.03.30"]
[Round "11.3"]
[White "Skoda, Martin"]
[Black "Horak, Jan"]
[WhiteElo "2166"]
[BlackElo "2161"]
[Result "1-0"]
[PlyCount "113"]

1. e4 e6 2. d3 d5 3. Nd2 Nf6 4. Ngf3 c5 5. g3 Nc6 6. Bg2 Be7 7. O-O O-O 8. e5
Nd7 9. Re1 Qc7 10. Qe2 b5 11. Nf1 Bb7 12. Bf4 Rfc8 13. h4 Qd8 14. N1h2 a5 15.
Ng5 h6 16. Nh3 Nd4 17. Qd2 a4 18. Ng4 Nf5 19. Ne3 Nxe3 20. Bxe3 Ra7 21. d4 b4
22. c3 a3 23. dxc5 bxc3 24. Qxc3 Bxc5 25. b4 Bxe3 26. Qxe3 Qb6 27. Nf4 Ra4 28.
Qxb6 Nxb6 29. Nd3 Nc4 30. Rab1 Ra6 31. Rec1 Rb6 32. Bf1 Bc6 33. Rb3 Rcb8 34.
Be2 Ba4 35. Rbc3 Bb5 36. f4 Ra8 37. Kf2 g6 38. R1c2 Kg7 39. g4 Ba4 40. Rc1 Bb5
41. R1c2 Ra4 42. Rb3 Ra7 43. Rbc3 Rb8 44. h5 Rc8 45. Nc5 Rb8 46. hxg6 Kxg6 47.
Nd3 Rb6 48. f5+ Kg7 49. f6+ Kh7 50. Rc1 Nb2 51. Rh1 Nxd3+ 52. Bxd3+ Bxd3 53.
Rxd3 Ra4 54. Rdh3 Kg6 55. Rxh6+ Kg5 56. Kg3 Rbxb4 57. R1h5# 1-0

[Event "2LD 24/25,Jihlava B-Rychnov n/Kn"]
[Site ""]
[Date "2025.03.30"]
[Round "11.4"]
[White "Mik, Tomas"]
[Black "Seidl, Antonin"]
[WhiteElo "2073"]
[BlackElo "2090"]
[Result "1-0"]
[PlyCount "73"]

1. e4 Nc6 2. Nc3 g6 3. Nf3 Bg7 4. Bc4 e6 5. O-O Nge7 6. d4 d5 7. exd5 exd5 8.
Bb5 O-O 9. h3 Bf5 10. Re1 a6 11. Ba4 Na5 12. Ne2 b5 13. Bb3 Nec6 14. Nf4 Nb4
15. Re2 Be4 16. Ne1 Nxb3 17. axb3 Nc6 18. c3 h6 19. Ned3 g5 20. Nh5 Bh8 21. Nc5
Bg6 22. Re1 Nb8 23. Ng3 Nd7 24. Nd3 Re8 25. Be3 c6 26. f4 f5 27. Qf3 Rf8 28.
Bd2 Qf6 29. Re2 Kh7 30. Rae1 g4 31. hxg4 fxg4 32. Qxg4 Bxd3 33. Qxd7+ Rf7 34.
Re7 Raf8 35. R1e6 Rxe7 36. Rxe7+ Kg8 37. Re8 1-0

[Event "2LD 24/25,Jihlava B-Rychnov n/Kn"]
[Site ""]
[Date "2025.03.30"]
[Round "11.5"]
[White "Hrabal, Michal"]
[Black "Zelbova, Lada"]
[WhiteElo "2025"]
[BlackElo "1982"]
[Result "0-1"]
[PlyCount "68"]

1. e4 c5 2. Nc3 a6 3. g3 Nc6 4. Bg2 g6 5. d3 e6 6. h4 Bg7 7. Nh3 h5 8. O-O Nge7
9. Bg5 b5 10. a3 Bb7 11. Qd2 Nd4 12. Rae1 Rc8 13. Nd1 a5 14. c3 Nb3 15. Qc2 a4
16. Be3 d5 17. f4 dxe4 18. dxe4 O-O 19. Ng5 b4 20. f5 exf5 21. exf5 Bxg2 22.
fxg6 fxg6 23. Qxg2 bxa3 24. bxa3 Qd5 25. Qc2 Rxf1+ 26. Rxf1 Nf5 27. Bf4 Re8 28.
Nf2 Qc4 29. Nfe4 Nbd4 30. Qb1 Ne2+ 31. Kh1 Rxe4 32. Qb8+ Bf8 33. Bd6 Nexg3+ 34.
Bxg3 Qxf1+ 0-1

[Event "2LD 24/25,Jihlava B-Rychnov n/Kn"]
[Site ""]
[Date "2025.03.30"]
[Round "11.6"]
[White "Kroulik, Vaclav"]
[Black "Mouryc, Tomas"]
[WhiteElo "2031"]
[BlackElo "1940"]
[Result "0-1"]
[PlyCount "116"]

1. e4 c5 2. Nf3 e6 3. d4 cxd4 4. Nxd4 a6 5. Bd3 Nf6 6. Qe2 d6 7. g4 Qb6 8. Be3
e5 9. Ne6 Qc6 10. Nxf8 Kxf8 11. f3 Be6 12. c4 Nbd7 13. g5 Nh5 14. Nc3 Nf4 15.
Bxf4 exf4 16. Rc1 Qc5 17. h4 h6 18. g6 fxg6 19. Qf2 Ne5 20. Be2 Kf7 21. Qxc5
dxc5 22. Kf2 Rhd8 23. Rhd1 Ke7 24. b3 Rac8 25. Na4 Rc6 26. Rxd8 Kxd8 27. Rd1+
Ke7 28. Nc3 Rd6 29. Nd5+ Bxd5 30. cxd5 Rb6 31. Rc1 Nd7 32. Rc3 Kd6 33. Rc1 Rb4
34. Rc3 Rd4 35. Rc2 Ne5 36. a4 a5 37. Bb5 Rd1 38. Bf1 b6 39. Rc3 Rd2+ 40. Be2
Rb2 41. Kf1 Nf7 42. Rd3 Rb1+ 43. Kg2 Re1 44. Rd2 Ne5 45. Bd1 Re3 46. Kf2 g5 47.
hxg5 hxg5 48. Kg2 g4 49. fxg4 Rxe4 50. Rc2 Re3 51. Rd2 g5 52. Kf2 Rd3 53. Rxd3
Nxd3+ 54. Kf3 Kxd5 55. Be2 Kd4 56. Bd1 Ne5+ 57. Kf2 Kd3 58. Ke1 Ke3 0-1